| 000 | 00364nam a22001577a 4500 | ||
|---|---|---|---|
| 020 | _a9788126451449 | ||
| 082 |
_aM3 _bJAM/N |
||
| 100 | _aJames V J | ||
| 245 |
_aNireeswaran/ _cby James V J |
||
| 260 |
_aKottayam: _bD C Books, _c2025. |
||
| 300 | _a319p. | ||
| 650 | _aNovel Malayalam | ||
| 650 | _aLiterature Malayalam | ||
| 650 | _aLiterature | ||
| 942 | _cBK | ||
| 999 |
_c181941 _d181941 |
||